[Event "2BLS 2122 TSV Schott Mainz - Stuttgarte"]
[Site "?"]
[Date "2022.04.30"]
[Round "3.3"]
[White "Neyman, Igor"]
[Black "Balcerak, Jakob"]
[Result "1/2-1/2"]
[WhiteElo "2336"]
[BlackElo "2478"]
[PlyCount "116"]
[EventDate "2022.??.??"]

1. d4 d5 2. c4 c6 3. Nc3 Nf6 4. Nf3 dxc4 5. a4 Bf5 6. e3 e6 7. Bxc4 Bb4 8. O-O
Nbd7 9. Qe2 O-O 10. e4 Bg6 11. e5 Nd5 12. Nxd5 cxd5 13. Bd3 Nb8 14. Bd2 Nc6 15.
Bxg6 fxg6 16. Bxb4 Nxb4 17. Rfc1 Qe7 18. Rc3 g5 19. h3 Nc6 20. Qd2 Rf5 21. Ne1
Raf8 22. Rf3 a5 23. Rxf5 Rxf5 24. Nc2 Rf4 25. Ra3 h6 26. g3 Rf8 27. Kg2 Qf7 28.
Qe2 Qg6 29. Rb3 Rc8 30. Rc3 Rc7 31. Qe3 g4 32. hxg4 Qxg4 33. Na3 Rf7 34. Nb5
Ne7 35. f3 Qg6 36. Nd6 Nf5 37. Nxf5 Qxf5 38. Qd3 Qxd3 39. Rxd3 Rc7 40. Rb3 Rc4
41. Rxb7 Rxa4 42. Re7 Rxd4 43. Rxe6 Rd2+ 44. Kh3 Rxb2 45. Kg4 d4 46. Rd6 Rb5
47. Kf5 a4 48. Ra6 d3 49. Rxa4 Rd5 50. Ra1 d2 51. Rd1 Rd4 52. e6 Kf8 53. Ke5
Rd3 54. Ke4 Rd6 55. Ke3 Ke7 56. Rxd2 Rxd2 57. Kxd2 Kxe6 58. g4 Ke5 1/2-1/2

[Event "2BLS 2122 TSV Schott Mainz - Stuttgarte"]
[Site "?"]
[Date "2022.04.30"]
[Round "3.4"]
[White "David, Alexandru-Vasile"]
[Black "Strunski, Andreas"]
[Result "0-1"]
[WhiteElo "2439"]
[BlackElo "2320"]
[PlyCount "74"]
[EventDate "2022.??.??"]

1. d4 d5 2. c4 c6 3. Nf3 Nf6 4. Nc3 dxc4 5. e4 b5 6. Be2 b4 7. Na4 e6 8. e5 Nd5
9. Bxc4 Ba6 10. Bxa6 Nxa6 11. O-O Be7 12. Qd3 Qa5 13. b3 Qb5 14. Qe4 h6 15. Qg4
g6 16. Nb2 Rd8 17. Nc4 Nb6 18. Nd6+ Bxd6 19. exd6 Rxd6 20. Qf4 Rd5 21. Ne5 Rh7
22. a4 Qe2 23. Be3 g5 24. Qg3 f6 25. Ng4 Nd7 26. Rfe1 Qd3 27. Rac1 h5 28. Rxc6
hxg4 29. Qxg4 Nf8 30. Rd1 Qxb3 31. Rxa6 f5 32. Qf3 Qc4 33. Ra5 Rxa5 34. Qa8+
Kf7 35. Rc1 Qd3 36. Rc7+ Kg8 37. Rc1 f4 0-1

[Event "2BLS 2122 TSV Schott Mainz - Stuttgarte"]
[Site "?"]
[Date "2022.04.30"]
[Round "3.5"]
[White "Beyer, Christian"]
[Black "Cicak, Slavko"]
[Result "1/2-1/2"]
[WhiteElo "2293"]
[BlackElo "2486"]
[PlyCount "89"]
[EventDate "2022.??.??"]

1. d4 Nf6 2. Bf4 d6 3. Nc3 c6 4. e4 Qa5 5. Qd2 e5 6. Bg5 Be7 7. d5 c5 8. f3 a6
9. a4 h6 10. Bxh6 b5 11. Nd1 b4 12. Ne2 Qc7 13. a5 Bd7 14. c3 bxc3 15. Nexc3
Qb7 16. Ra3 O-O 17. Be2 Ne8 18. Na4 Bxa4 19. Rxa4 Nd7 20. O-O Rb8 21. Rf2 Nc7
22. Bf1 Nb5 23. g3 Nd4 24. Qd3 Ra8 25. Bd2 Rfb8 26. Bc3 Qb5 27. Ra1 Qxd3 28.
Bxd3 Nf6 29. Ne3 Ne8 30. Nc4 Ra7 31. Raf1 Nc7 32. f4 f6 33. fxe5 fxe5 34. Rf7
Ne8 35. R1f2 Rd8 36. Bxd4 cxd4 37. R7f3 Rb8 38. Nb6 Nf6 39. Rc2 Bd8 40. Rc8
Rab7 41. Bxa6 Rxc8 42. Nxc8 Rxb2 43. Nxd6 Ra2 44. Nb7 Bxa5 45. d6 1/2-1/2

[Event "2BLS 2122 TSV Schott Mainz - Stuttgarte"]
[Site "?"]
[Date "2022.04.30"]
[Round "3.6"]
[White "Goebel, Constantin"]
[Black "Fritsch, Rolf"]
[Result "0-1"]
[WhiteElo "2259"]
[BlackElo "2183"]
[PlyCount "88"]
[EventDate "2022.??.??"]

1. e4 g6 2. d4 Bg7 3. Nf3 d6 4. Nc3 a6 5. a4 b6 6. Be3 Bb7 7. Bc4 e6 8. Qe2 Nd7
9. Rd1 h6 10. O-O Ne7 11. Ne1 O-O 12. f4 d5 13. Bd3 c5 14. Qf2 dxe4 15. Bxe4
Bxe4 16. Nxe4 c4 17. Nf3 Nd5 18. Bc1 Qc7 19. Ne5 f5 20. Nc3 Nxc3 21. bxc3 Kh7
22. Ba3 Rfe8 23. Qf3 b5 24. axb5 axb5 25. Ra1 Nb6 26. Qg3 Bxe5 27. fxe5 Nd5 28.
Qh3 g5 29. Bd6 Qb7 30. Rab1 Nf4 31. Qf3 Qxf3 32. Rxf3 Ra5 33. Bc7 Ra2 34. Rxb5
Rxc2 35. g3 Ne2+ 36. Kf1 Nxc3 37. Rb7 Kg6 38. Rb8 Rxb8 39. Bxb8 Ne4 40. Ra3 f4
41. g4 Rb2 42. Ra6 Rxb8 43. Rxe6+ Kf7 44. Rc6 f3 0-1

[Event "2BLS 2122 TSV Schott Mainz - Stuttgarte"]
[Site "?"]
[Date "2022.04.30"]
[Round "3.7"]
[White "Migl, Dieter"]
[Black "Gohil, Harry"]
[Result "0-1"]
[WhiteElo "2150"]
[BlackElo "2247"]
[PlyCount "90"]
[EventDate "2022.??.??"]

1. e4 c5 2. Nf3 Nc6 3. Bb5 d6 4. O-O Bd7 5. Re1 Nf6 6. c3 a6 7. Bxc6 Bxc6 8. d4
Bxe4 9. Bg5 Bd5 10. Nbd2 e6 11. c4 Bxf3 12. Qxf3 cxd4 13. Bxf6 gxf6 14. Qxb7
Bg7 15. Qc6+ Ke7 16. Qe4 Kf8 17. Qxd4 f5 18. Qe3 Rb8 19. Rab1 Rxb2 20. Qa7 Rxd2
21. Rb8 Qxb8 22. Qxb8+ Ke7 23. Qc7+ Kf6 24. c5 Kg6 25. cxd6 Bd4 26. Kh1 Bf6 27.
d7 h5 28. Qg3+ Kh7 29. Qf3 Rxd7 30. Qxh5+ Kg7 31. Qe2 Rhd8 32. g4 Rd2 33. Qe3
R8d3 34. Qf4 Rd4 35. Qe3 f4 36. Qf3 R2d3 37. Qb7 f3 38. Rg1 Bh4 39. g5 Bxf2 40.
g6 Rd7 41. Qb2+ Bd4 42. gxf7+ Kxf7 43. Qb8 Bxg1 44. Qf4+ Ke8 45. Kxg1 Rg7+ 0-1

[Event "2BLS 2122 TSV Schott Mainz - Stuttgarte"]
[Site "?"]
[Date "2022.04.30"]
[Round "3.8"]
[White "Lohr, Matthias"]
[Black "Forster, Lukas"]
[Result "1-0"]
[WhiteElo "2108"]
[BlackElo "1897"]
[PlyCount "113"]
[EventDate "2022.??.??"]

1. d4 Nf6 2. c4 e6 3. Nf3 d5 4. g3 Be7 5. Bg2 O-O 6. O-O dxc4 7. Qa4 a6 8. Qxc4
b5 9. Qc2 Bb7 10. Bd2 Nbd7 11. Ba5 Nb6 12. Nbd2 Rc8 13. b4 Ne8 14. Nb3 Nc4 15.
Ng5 Bxg5 16. Bxb7 Rb8 17. Be4 g6 18. Nc5 Qc8 19. Bc6 Nf6 20. Rfd1 Rd8 21. Bg2
Ne8 22. a4 Bf6 23. e3 Ned6 24. axb5 axb5 25. h4 h5 26. Bh3 Nf5 27. Ne4 Bg7 28.
Bf1 Nfd6 29. Nxd6 Rxd6 30. Bxc4 Rc6 31. Bxe6 Qxe6 32. Qd3 Rc4 33. Rac1 c6 34.
Rxc4 bxc4 35. Qc3 c5 36. bxc5 Rb3 37. Qc2 Qa6 38. Ra1 Qb5 39. Bc3 Kh7 40. Rc1
Ra3 41. Be1 Ra4 42. Qb1 Qd7 43. Qe4 f5 44. Qf3 Qb5 45. Bc3 Ra6 46. Qd1 Ra3 47.
Qc2 Qa6 48. Bb4 Ra1 49. Qc3 Rxc1+ 50. Qxc1 f4 51. gxf4 Qe6 52. Qd1 Qh3 53. c6
Bf6 54. d5 Bxh4 55. Bc3 Bxf2+ 56. Kxf2 Qh2+ 57. Ke1 1-0

[Event "2BLS 2122 SG Speyer-Schwegenheim - TSV "]
[Site "?"]
[Date "2022.04.30"]
[Round "3.1"]
[White "Plenca, Jadranko"]
[Black "Oleksiyenko, Mykhaylo"]
[Result "1/2-1/2"]
[WhiteElo "2446"]
[BlackElo "2590"]
[PlyCount "123"]
[EventDate "2022.??.??"]

1. e4 e5 2. Nf3 Nc6 3. Bb5 Nf6 4. d3 Bc5 5. c3 O-O 6. O-O d6 7. Re1 Ne7 8. d4
Bb6 9. Nbd2 exd4 10. cxd4 Bg4 11. h3 Bh5 12. Qc2 Bg6 13. Qb3 d5 14. e5 Ne4 15.
Bd3 Nc6 16. Nxe4 dxe4 17. Bxe4 Nxd4 18. Nxd4 Qxd4 19. Be3 Qxe4 20. Bxb6 Qc6 21.
Be3 Be4 22. f3 Bd5 23. Qb4 Qe6 24. a3 b6 25. Rad1 Rad8 26. Qg4 Qxg4 27. hxg4
Bb3 28. Rd2 Rxd2 29. Bxd2 Rd8 30. Bc3 h6 31. Kf2 Be6 32. Re2 a5 33. Rd2 Ra8 34.
Kg3 g5 35. Kf2 Kh7 36. Ke3 Kg6 37. Ke2 h5 38. gxh5+ Kxh5 39. Kf2 Kg6 40. Ke3 a4
41. Rd1 Rb8 42. Ke4 Rh8 43. Ke3 Rc8 44. Ke4 Re8 45. Ke3 f5 46. Kf2 f4 47. g3
fxg3+ 48. Kxg3 Rf8 49. Kg2 Rh8 50. Rd2 Kf5 51. Rd1 b5 52. Kf2 c5 53. Rg1 Bd5
54. Kg3 Ke6 55. Rf1 Kf5 56. Rd1 Ke6 57. Ba5 Ra8 58. Bb6 Rc8 59. Rc1 Bc4 60. Re1
Rc6 61. Ba5 Bd5 62. Bd2 1/2-1/2

[Event "2BLS 2122 SG Speyer-Schwegenheim - TSV "]
[Site "?"]
[Date "2022.04.30"]
[Round "3.2"]
[White "Iturrizaga Bonelli, Eduardo"]
[Black "Krassowizkij, Jaroslaw"]
[Result "1-0"]
[WhiteElo "2594"]
[BlackElo "2436"]
[PlyCount "43"]
[EventDate "2022.??.??"]

1. c4 e6 2. Nf3 d5 3. e3 Nf6 4. b3 Be7 5. Bb2 O-O 6. Nc3 dxc4 7. Bxc4 a6 8. a4
b6 9. Qc2 Bb7 10. h4 Nc6 11. Rd1 Qd6 12. Ng5 Nb4 13. Qb1 Bxg2 14. Rg1 Qh2 15.
Ke2 g6 16. Rxg2 Qxg2 17. Rg1 Qh2 18. Nf3 Qd6 19. h5 Rfd8 20. hxg6 hxg6 21.
Rxg6+ Kf8 22. Rxf6 1-0

[Event "2BLS 2122 SG Speyer-Schwegenheim - TSV "]
[Site "?"]
[Date "2022.04.30"]
[Round "3.3"]
[White "Doric, Darko"]
[Black "Hera, Imre Jr"]
[Result "0-1"]
[WhiteElo "2481"]
[BlackElo "2576"]
[PlyCount "88"]
[EventDate "2022.??.??"]

1. Nf3 c5 2. c4 Nc6 3. g3 g6 4. Bg2 Bg7 5. Nc3 d6 6. d3 e6 7. h4 h6 8. e3 Nge7
9. O-O O-O 10. Qd2 e5 11. b3 Be6 12. Bb2 Qd7 13. d4 exd4 14. exd4 Bg4 15. dxc5
dxc5 16. Nd5 Nxd5 17. Bxg7 Kxg7 18. cxd5 Bxf3 19. Bxf3 Nd4 20. Bg2 a5 21. Rfe1
b6 22. Re5 Rae8 23. Rae1 Rxe5 24. Rxe5 Qd6 25. Qe3 Ra8 26. Re8 Rxe8 27. Qxe8 b5
28. Qe3 b4 29. f4 Nf5 30. Qe1 Qf6 31. Kh2 Kf8 32. Bh3 Qb2+ 33. Kh1 Qc3 34. Qe5
Qxe5 35. fxe5 Ne3 36. Kg1 Nxd5 37. Kf2 Nc3 38. Ke3 Nxa2 39. Kd3 Nc3 40. Kc4 Ne4
41. Bg2 Nd2+ 42. Kxc5 Nxb3+ 43. Kb5 Nd2 44. Ka4 b3 0-1

[Event "2BLS 2122 SG Speyer-Schwegenheim - TSV "]
[Site "?"]
[Date "2022.04.30"]
[Round "3.4"]
[White "Kantans, Toms"]
[Black "Ivanisevic, Ivan"]
[Result "0-1"]
[WhiteElo "2484"]
[BlackElo "2569"]
[PlyCount "58"]
[EventDate "2022.??.??"]

1. e4 e5 2. Nf3 Nc6 3. Bb5 a6 4. Ba4 Bc5 5. O-O Nge7 6. Nxe5 Nxe5 7. d4 b5 8.
Bb3 Bxd4 9. Qxd4 d6 10. c4 O-O 11. Bf4 N7c6 12. Qc3 Qf6 13. Bxe5 dxe5 14. cxb5
Nd4 15. Re1 axb5 16. Nd2 Be6 17. Qc5 Ra6 18. Bd5 c6 19. Bb3 h5 20. Re3 h4 21.
h3 Rd8 22. a3 Bxb3 23. Nxb3 Ne6 24. Qc1 Nf4 25. Qf1 Ra4 26. Rd1 Rxd1 27. Qxd1
Qg5 28. Qf3 Rc4 29. Na5 Nxg2 0-1

[Event "2BLS 2122 SG Speyer-Schwegenheim - TSV "]
[Site "?"]
[Date "2022.04.30"]
[Round "3.5"]
[White "Bosiocic, Marin"]
[Black "Boguslawski, Oleg"]
[Result "1-0"]
[WhiteElo "2541"]
[BlackElo "2379"]
[PlyCount "61"]
[EventDate "2022.??.??"]

1. Nf3 Nf6 2. g3 b5 3. Bg2 Bb7 4. O-O e6 5. d3 Be7 6. e4 d6 7. Na3 a6 8. c4 b4
9. Qa4+ Nc6 10. Nc2 O-O 11. Nxb4 Nxb4 12. Qxb4 Rb8 13. Qa5 Nd7 14. Be3 Nc5 15.
Rad1 Qc8 16. b3 f5 17. exf5 Rxf5 18. Nd4 Re5 19. Nc6 Bxc6 20. Bxc6 Nxd3 21. Qd2
Nb4 22. Bg2 Ra5 23. a4 d5 24. Ba7 Rb7 25. Bd4 c6 26. Rfe1 e5 27. Bxe5 dxc4 28.
Bc3 Rd5 29. Bxd5+ Nxd5 30. Qd4 Bf6 31. Qxc4 1-0

[Event "2BLS 2122 SG Speyer-Schwegenheim - TSV "]
[Site "?"]
[Date "2022.04.30"]
[Round "3.6"]
[White "Bodrozic, Tomislav"]
[Black "Perunovic, Milos"]
[Result "1/2-1/2"]
[WhiteElo "2349"]
[BlackElo "2544"]
[PlyCount "41"]
[EventDate "2022.??.??"]

1. e4 c5 2. Nf3 e6 3. g3 Nc6 4. Bg2 Nf6 5. Qe2 e5 6. O-O Be7 7. Nc3 d6 8. Nd5
Be6 9. Nxe7 Qxe7 10. c3 O-O 11. d3 h6 12. h3 Rfe8 13. Nh4 d5 14. Nf5 Bxf5 15.
exf5 e4 16. Bf4 Ne5 17. dxe4 dxe4 18. Bxe4 Ned7 19. f3 Nh5 20. Qe3 Ndf6 21. g4
1/2-1/2

[Event "2BLS 2122 SG Speyer-Schwegenheim - TSV "]
[Site "?"]
[Date "2022.04.30"]
[Round "3.7"]
[White "Plenca, Julijan"]
[Black "Mager, Denis"]
[Result "1-0"]
[WhiteElo "2443"]
[BlackElo "2263"]
[PlyCount "59"]
[EventDate "2022.??.??"]

1. e4 c5 2. Nf3 d6 3. d4 cxd4 4. Nxd4 Nf6 5. Nc3 a6 6. g3 e5 7. Nb3 Be7 8. Bg2
O-O 9. O-O Nbd7 10. a4 b6 11. Re1 Bb7 12. Nd2 Rc8 13. Nf1 Nc5 14. Bg5 Ne6 15.
Bxf6 Bxf6 16. h4 Rc5 17. Ne3 g6 18. Qd3 Bg7 19. Ncd5 Bh6 20. c3 Bxe3 21. Nxe3
Qc7 22. Red1 Rd8 23. Ra3 a5 24. Qd2 Qb8 25. h5 Qa8 26. Ng4 Kh8 27. Qh6 Rc7 28.
Nf6 Nf8 29. Rb3 Qa7 30. Rxd6 1-0

[Event "2BLS 2122 SG Speyer-Schwegenheim - TSV "]
[Site "?"]
[Date "2022.04.30"]
[Round "3.8"]
[White "Commercon, Simon"]
[Black "Richter, Nils"]
[Result "1/2-1/2"]
[WhiteElo "2213"]
[BlackElo "2381"]
[PlyCount "153"]
[EventDate "2022.??.??"]

1. d4 d5 2. c4 e6 3. Nc3 a6 4. cxd5 exd5 5. Nf3 c6 6. Qc2 Nf6 7. Bg5 Be6 8. e3
h6 9. Bh4 Bd6 10. Bd3 Nbd7 11. O-O O-O 12. Ne2 Qc7 13. Bg3 Nh5 14. Bxd6 Qxd6
15. b4 g6 16. Rfc1 Ng7 17. a4 Bf5 18. Nf4 Rfc8 19. Bxf5 Nxf5 20. Nd3 Qe7 21.
Nc5 Nd6 22. Nxd7 Qxd7 23. Ne5 Qe6 24. Rab1 Kg7 25. a5 Qe7 26. Qd3 h5 27. Re1
Re8 28. Rb2 Rad8 29. f3 Qg5 30. Rbe2 f6 31. f4 Qh6 32. Nf3 h4 33. g4 hxg3 34.
hxg3 Qh5 35. Rf1 Qg4 36. Rg2 Qf5 37. Qe2 Qe4 38. Re1 Nc4 39. Kf2 Re7 40. Nd2
Nxd2 41. Qxd2 Rh8 42. Kg1 Rh3 43. Qe2 f5 44. Kf2 Kf8 45. Rc1 Reh7 46. Qc2 Qxc2+
47. Rxc2 Rh1 48. Rb2 R7h2 49. Rb3 Ke7 50. g4 fxg4 51. Rxh2 Rxh2+ 52. Kg3 Rh1
53. Kxg4 Kf6 54. Rb2 Rg1+ 55. Kf3 Kf5 56. Rh2 Rf1+ 57. Ke2 Rb1 58. Kf3 Rxb4 59.
Rh8 Kf6 60. Rf8+ Kg7 61. Rb8 Rb1 62. Kg4 Rb2 63. Kf3 Kf6 64. Rf8+ Ke7 65. Rg8
Kf7 66. Rb8 Rb3 67. Kg4 Ke6 68. Kg5 Kf7 69. Kg4 Rb1 70. Kf3 Kg7 71. Kg4 Rb5 72.
Kg5 Rb2 73. Kg4 Rb1 74. Kf3 Kf7 75. Kg4 Ke7 76. Rg8 Kf6 77. Rf8+ 1/2-1/2

[Event "2BLS 2122 SC Ötigheim - SV 1947 Walldo"]
[Site "?"]
[Date "2022.04.30"]
[Round "3.1"]
[White "Gschnitzer, Adrian"]
[Black "Bauer, Christian"]
[Result "0-1"]
[WhiteElo "2435"]
[BlackElo "2597"]
[PlyCount "126"]
[EventDate "2022.??.??"]

1. e4 Nc6 2. Nf3 d6 3. d4 Nf6 4. Nc3 g6 5. Be2 Bg7 6. O-O O-O 7. h3 a6 8. a4 e5
9. dxe5 dxe5 10. Qxd8 Rxd8 11. Bc4 h6 12. Be3 Ne8 13. Rfd1 Nd4 14. Bxd4 exd4
15. Nd5 Kf8 16. c3 dxc3 17. bxc3 Rb8 18. Rab1 Bd7 19. a5 Nd6 20. Bd3 Nb5 21.
Bxb5 Bxb5 22. Nxc7 Bd3 23. Rxd3 Rxd3 24. Nxa6 Rc8 25. Rxb7 Bxc3 26. Kh2 Rd1 27.
g3 Rd6 28. Nb4 Re6 29. a6 Bxb4 30. Rxb4 Rxa6 31. Rb2 Ra4 32. e5 Rac4 33. Kg2
Rc2 34. Rb5 Re2 35. Nd4 Re4 36. Rd5 Rc4 37. Nf3 Rb4 38. Rd2 Ra4 39. Rc2 Ra3 40.
Rb2 Kg7 41. Rc2 Rea4 42. Rc7 Ra7 43. Rc4 R3a4 44. Rc5 Ra2 45. Rd5 R7a5 46. Rd1
Re2 47. Rf1 Raa2 48. Kg1 Kf8 49. h4 Ke8 50. Kg2 Kd7 51. Kg1 Kc7 52. Kg2 Kb6 53.
Rb1+ Ka5 54. Rf1 Ka4 55. g4 Re4 56. Kg3 Ra3 57. Rh1 Kb5 58. Rh3 Kc5 59. g5 hxg5
60. hxg5 Rxe5 61. Kg2 Rf5 62. Rg3 Kd5 63. Rh3 Rd3 0-1

[Event "2BLS 2122 SC Ötigheim - SV 1947 Walldo"]
[Site "?"]
[Date "2022.04.30"]
[Round "3.2"]
[White "Georgiev, Kiril"]
[Black "Muckle, Julius"]
[Result "1-0"]
[WhiteElo "2564"]
[BlackElo "2391"]
[PlyCount "111"]
[EventDate "2022.??.??"]

1. e4 e6 2. d3 d5 3. Qe2 Ne7 4. Nf3 c5 5. g3 Nbc6 6. Bg2 g6 7. O-O Bg7 8. Re1
O-O 9. e5 b5 10. Nbd2 c4 11. Nf1 cxd3 12. cxd3 Nf5 13. Bf4 Ba6 14. h4 Rc8 15.
Ne3 Ncd4 16. Nxd4 Nxd4 17. Qd2 h6 18. Ng4 h5 19. Bg5 Qb6 20. Nf6+ Bxf6 21. Bxf6
Kh7 22. Rac1 b4 23. Be7 Rfe8 24. Bxb4 Ne2+ 25. Qxe2 Qxb4 26. Red1 Rc5 27. a3
Qd4 28. Bf1 Rec8 29. Qd2 Rxc1 30. Rxc1 Qxe5 31. d4 Qd6 32. Rxc8 Bxc8 33. Qc3
Bb7 34. b4 Kg7 35. Qc5 Qxc5 36. dxc5 Kf6 37. f4 Ke7 38. Bd3 e5 39. fxe5 Ke6 40.
Bb5 Bc8 41. Be8 Kxe5 42. Bxf7 Bf5 43. Kf2 Kd4 44. c6 Kc4 45. c7 Kb3 46. Bxd5+
Kxa3 47. Bb7 Kxb4 48. c8=R Bxc8 49. Bxc8 Kc5 50. Ke3 a5 51. Bd7 Kd6 52. Be8 g5
53. hxg5 Ke5 54. Bxh5 a4 55. Bf7 a3 56. g4 1-0

[Event "2BLS 2122 SC Ötigheim - SV 1947 Walldo"]
[Site "?"]
[Date "2022.04.30"]
[Round "3.3"]
[White "Faerber, David"]
[Black "Van den Doel, Erik"]
[Result "1/2-1/2"]
[WhiteElo "2322"]
[BlackElo "2588"]
[PlyCount "197"]
[EventDate "2022.??.??"]

1. e4 e5 2. Nf3 Nc6 3. Bb5 a6 4. Ba4 Nf6 5. O-O Be7 6. d3 b5 7. Bb3 d6 8. a3
Na5 9. Ba2 c5 10. Nc3 Be6 11. Bg5 c4 12. dxc4 Nxc4 13. Bxc4 Bxc4 14. Re1 Rc8
15. a4 b4 16. Bxf6 bxc3 17. Bxe7 Qxe7 18. b3 Be6 19. Qd3 Rc6 20. b4 O-O 21. Ra3
Rfc8 22. h3 h6 23. Rd1 Qa7 24. Rb1 Qb6 25. Raa1 Bc4 26. Qd1 Qb7 27. a5 Qb5 28.
Ne1 Be6 29. f3 f5 30. Qd3 fxe4 31. Qxb5 axb5 32. fxe4 Rc4 33. Rd1 Rxb4 34. Rxd6
Bc4 35. Nf3 Rb2 36. Rc1 Re8 37. Rc6 Kf7 38. a6 Ra2 39. Rc7+ Kf6 40. a7 Re6 41.
Rd1 Be2 42. Rd8 Bxf3 43. Rf8+ Kg6 44. Rxf3 b4 45. Rg3+ Kh5 46. Rgxg7 Rg6 47.
Kh2 Rxg7 48. Rxg7 b3 49. cxb3 c2 50. Rc7 Rxa7 51. Rxc2 Rb7 52. Rc3 Rb4 53. Re3
Kg5 54. Kg3 Rd4 55. h4+ Kg6 56. Kg4 Rb4 57. g3 Rd4 58. Kh3 Rb4 59. g4 Kf6 60.
Kg3 Kg6 61. Kf3 Kf6 62. Rd3 Kg6 63. Rd6+ Kg7 64. Rd7+ Kf6 65. Rd6+ Kg7 66. g5
h5 67. Rh6 Rxb3+ 68. Ke2 Rb2+ 69. Kd3 Rf2 70. Rxh5 Rf4 71. Rh6 Rg4 72. Ke3 Rf4
73. Re6 Rxh4 74. Rxe5 Kg6 75. Ra5 Rh1 76. Rf5 Re1+ 77. Kd4 Rd1+ 78. Ke5 Ra1 79.
Rf8 Re1 80. Kd5 Kxg5 81. e5 Ra1 82. Rg8+ Kf5 83. Rf8+ Kg6 84. Rc8 Kf5 85. Rf8+
Kg6 86. Rf6+ Kg7 87. Rd6 Kf7 88. Rd7+ Ke8 89. Ke6 Ra6+ 90. Rd6 Ra7 91. Rb6 Re7+
92. Kd5 Rd7+ 93. Rd6 Ke7 94. Rxd7+ Kxd7 95. e6+ Ke7 96. Ke5 Ke8 97. Kd6 Kd8 98.
e7+ Ke8 99. Ke6 1/2-1/2

[Event "2BLS 2122 SC Ötigheim - SV 1947 Walldo"]
[Site "?"]
[Date "2022.04.30"]
[Round "3.4"]
[White "Cornette, Matthieu"]
[Black "Gschnitzer, Oswald"]
[Result "1-0"]
[WhiteElo "2569"]
[BlackElo "2366"]
[PlyCount "99"]
[EventDate "2022.??.??"]

1. c4 c5 2. Nf3 Nf6 3. Nc3 Nc6 4. d4 cxd4 5. Nxd4 e6 6. g3 Qb6 7. Ndb5 Ne5 8.
Bg2 a6 9. Na4 Qa5+ 10. Nbc3 Nxc4 11. O-O Be7 12. b3 Nb6 13. Bd2 Nxa4 14. Nxa4
Qd8 15. Be3 d5 16. Bb6 Qd6 17. Rc1 Nd7 18. Bc7 Qa3 19. e4 dxe4 20. Bxe4 O-O 21.
Qc2 g6 22. Rfd1 Ra7 23. Bb6 Ra8 24. Be3 e5 25. Bg2 Nf6 26. Nb6 Bf5 27. Qc7 Rad8
28. Nc4 Rxd1+ 29. Rxd1 Qb4 30. Qxb7 Ng4 31. Qxb4 Bxb4 32. Bb6 e4 33. Nd6 Bxd6
34. Rxd6 Rc8 35. Rd8+ Rxd8 36. Bxd8 Ne5 37. Kf1 Nd3 38. Ke2 h5 39. Ke3 Nc1 40.
Bxe4 Bxe4 41. Kxe4 Nxa2 42. Kd4 Kf8 43. Bg5 Nb4 44. Be3 Ke7 45. Kc5 Nc2 46. Kb6
Na1 47. b4 Nc2 48. Bd2 Nd4 49. Kxa6 Nf3 50. Bc3 1-0

[Event "2BLS 2122 SC Ötigheim - SV 1947 Walldo"]
[Site "?"]
[Date "2022.04.30"]
[Round "3.5"]
[White "Fichter, Fabian"]
[Black "Grigoriants, Sergey"]
[Result "1/2-1/2"]
[WhiteElo "2229"]
[BlackElo "2541"]
[PlyCount "30"]
[EventDate "2022.??.??"]

1. e4 c5 2. Nf3 d6 3. d4 cxd4 4. Qxd4 Nf6 5. Be2 Nc6 6. Qe3 e6 7. O-O Be7 8.
Rd1 O-O 9. h3 Qc7 10. c4 Nb4 11. Qb3 d5 12. exd5 exd5 13. Nc3 Bf5 14. Nd4 dxc4
15. Bxc4 Bg6 1/2-1/2

[Event "2BLS 2122 SC Ötigheim - SV 1947 Walldo"]
[Site "?"]
[Date "2022.04.30"]
[Round "3.6"]
[White "Inkiov, Ventzislav"]
[Black "Hauser, Carlos"]
[Result "1-0"]
[WhiteElo "2418"]
[BlackElo "2249"]
[PlyCount "81"]
[EventDate "2022.??.??"]

1. d4 d5 2. c4 c6 3. Nf3 Nf6 4. Nc3 dxc4 5. a4 Bf5 6. Nh4 e6 7. Nxf5 exf5 8. e3
Bb4 9. Bxc4 O-O 10. O-O Nbd7 11. h3 Qe7 12. a5 Ne4 13. a6 b6 14. Qc2 Ndf6 15.
Bd3 c5 16. Qb3 cxd4 17. exd4 Rfd8 18. Nb5 Bd2 19. Bxe4 Nxe4 20. Rd1 Bb4 21. Bf4
Rd7 22. Rac1 Re8 23. Rc2 g5 24. Be5 Qxe5 25. dxe5 Rxd1+ 26. Kh2 Rd2 27. Rc7 Be7
28. f3 Nc5 29. Qc3 Rd3 30. Qc2 Rd5 31. Qxf5 Ne6 32. Nd6 Rxd6 33. Rxe7 Rxe7 34.
exd6 Rd7 35. Qe5 h6 36. g3 Ng7 37. f4 gxf4 38. gxf4 Kf8 39. f5 Kg8 40. Kg2 Kf8
41. Kf3 1-0

[Event "2BLS 2122 SC Ötigheim - SV 1947 Walldo"]
[Site "?"]
[Date "2022.04.30"]
[Round "3.7"]
[White "Zuse, Peter"]
[Black "Lerch, Patrice"]
[Result "0-1"]
[WhiteElo "2223"]
[BlackElo "2327"]
[PlyCount "81"]
[EventDate "2022.??.??"]

1. e4 c5 2. Nf3 Nc6 3. d4 cxd4 4. Nxd4 Nf6 5. Nc3 d6 6. Bg5 g6 7. Bxf6 exf6 8.
Bc4 Bg7 9. Ndb5 O-O 10. Qxd6 Qa5 11. O-O f5 12. a4 a6 13. Na3 Bxc3 14. bxc3
fxe4 15. Bb3 Qxc3 16. Rae1 Bf5 17. Nc4 Rad8 18. Qf4 Qb4 19. g4 Be6 20. Rxe4 Bd5
21. Rfe1 Bxe4 22. Rxe4 Qc5 23. Ne3 Rd4 24. Rxd4 Nxd4 25. Qf6 Ne2+ 26. Kf1 Qd4
27. Nd5 Qxf6 28. Nxf6+ Kg7 29. Nxh7 Kxh7 30. Kxe2 Kg7 31. Kf3 Rh8 32. Kg3 g5
33. Bd5 b6 34. Bc4 a5 35. h3 Rc8 36. Bb3 Rc5 37. f3 b5 38. axb5 Rxb5 39. h4
gxh4+ 40. Kxh4 Rb4 41. Kg5 0-1

[Event "2BLS 2122 SC Ötigheim - SV 1947 Walldo"]
[Site "?"]
[Date "2022.04.30"]
[Round "3.8"]
[White "Kuehn, Kolja"]
[Black "Hess, Markus"]
[Result "0-1"]
[WhiteElo "2140"]
[BlackElo "2112"]
[PlyCount "88"]
[EventDate "2022.??.??"]

1. e4 c6 2. Nf3 d5 3. d3 dxe4 4. dxe4 Qxd1+ 5. Kxd1 Bg4 6. Be2 Nd7 7. Ne1 Bxe2+
8. Kxe2 e5 9. Nd3 O-O-O 10. Be3 Bd6 11. Nd2 Ne7 12. a4 Kb8 13. a5 Bc7 14. f3 f6
15. h4 h5 16. Rhd1 Ng6 17. g3 Ngf8 18. a6 Bb6 19. axb7 Ne6 20. Nb4 Kxb7 21. Nc4
Nb8 22. Bxb6 axb6 23. Nd6+ Rxd6 24. Rxd6 Nd4+ 25. Kf2 Kc7 26. Rxd4 exd4 27.
Ra7+ Kd6 28. Rxg7 Nd7 29. Nd3 c5 30. Nf4 Ra8 31. g4 hxg4 32. fxg4 Ra2 33. h5
Rxb2 34. h6 Rxc2+ 35. Kg3 d3 36. h7 d2 37. h8=Q d1=Q 38. e5+ fxe5 39. Rg6+ Kc7
40. Ne6+ Kb7 41. Qd8 Qe1+ 42. Kf3 Rc3+ 43. Kg2 Rg3+ 44. Kh2 Qg1# 0-1

[Event "2BLS 2122 OSG Baden-Baden II - SV Worms"]
[Site "?"]
[Date "2022.04.30"]
[Round "3.1"]
[White "Karsay, Pascal"]
[Black "Gozzoli, Yannick"]
[Result "0-1"]
[WhiteElo "2302"]
[BlackElo "2595"]
[PlyCount "72"]
[EventDate "2022.??.??"]

1. Nf3 d5 2. e3 Nf6 3. c4 c6 4. Nc3 a6 5. d4 e6 6. b3 Bb4 7. Bd2 O-O 8. Bd3
Nbd7 9. O-O Qe7 10. h3 b6 11. Qe2 Bb7 12. e4 dxe4 13. Nxe4 Bxd2 14. Nexd2 Rfe8
15. Rad1 c5 16. Ne4 cxd4 17. Nxd4 Nc5 18. Nxf6+ Qxf6 19. Qe3 e5 20. Ne2 Qc6 21.
f3 e4 22. fxe4 Nxd3 23. Rxd3 Rxe4 24. Qf2 Rf8 25. Rf3 f6 26. Nc3 Re6 27. Re1
Rxe1+ 28. Qxe1 Re8 29. Qf2 b5 30. Nd5 bxc4 31. Re3 cxb3 32. Ne7+ Rxe7 33. Rxe7
b2 34. Re1 Qc1 35. Qf1 Qc2 36. Rd1 Be4 0-1

[Event "2BLS 2122 OSG Baden-Baden II - SV Worms"]
[Site "?"]
[Date "2022.04.30"]
[Round "3.2"]
[White "Dann, Matthias"]
[Black "Nasshan, Dennis"]
[Result "1-0"]
[WhiteElo "2456"]
[BlackElo "2297"]
[PlyCount "89"]
[EventDate "2022.??.??"]

1. e4 c6 2. d4 d5 3. e5 Bf5 4. Nd2 e6 5. Nb3 Nd7 6. Nf3 Bg6 7. Be2 Ne7 8. O-O
Nf5 9. a4 a6 10. a5 Rc8 11. c4 dxc4 12. Bxc4 Ne7 13. Bg5 h6 14. Bh4 Qc7 15. Bg3
Be4 16. Nfd2 Bd5 17. Bd3 Qb8 18. Rc1 Qa7 19. Re1 c5 20. Nc4 Nc6 21. Be4 Bxc4
22. Rxc4 b5 23. Rc1 c4 24. d5 Nd8 25. d6 g6 26. Nd4 Bg7 27. f4 Nc5 28. Bf2 Qd7
29. Bc2 Ndb7 30. Qd2 O-O 31. b4 cxb3 32. Nxb3 Qd8 33. Nxc5 Nxc5 34. Qb4 Nd7 35.
Be4 g5 36. Bb1 Rxc1 37. Rxc1 gxf4 38. Qe4 Re8 39. Bd4 f5 40. exf6 Nxf6 41. Qg6
e5 42. Rc7 Nd7 43. Qh7+ Kf8 44. Ba2 Nf6 45. Qxg7# 1-0

[Event "2BLS 2122 OSG Baden-Baden II - SV Worms"]
[Site "?"]
[Date "2022.04.30"]
[Round "3.3"]
[White "Baerwinkel, Tobias"]
[Black "Bellahcene, Bilel"]
[Result "0-1"]
[WhiteElo "2333"]
[BlackElo "2515"]
[PlyCount "54"]
[EventDate "2022.??.??"]

1. d4 Nf6 2. c4 e6 3. g3 Bb4+ 4. Nd2 d5 5. Bg2 O-O 6. Ngf3 dxc4 7. Qc2 a5 8. a3
Bxd2+ 9. Bxd2 b5 10. a4 c6 11. e4 h6 12. g4 Nbd7 13. g5 hxg5 14. e5 Nh7 15. h4
f5 16. hxg5 Re8 17. g6 Nhf8 18. Ng5 Nxg6 19. Qd1 Ndf8 20. Qh5 Qxd4 21. Ra3 Rd8
22. Bc3 Qd3 23. axb5 Qb1+ 24. Ke2 Qc2+ 25. Ke1 Qc1+ 26. Ke2 Nf4+ 27. Kf3 Rd3#
0-1